| 000 | 00396nam a2200169Ia 4500 | ||
|---|---|---|---|
| 008 | 230524s9999 xx 000 0 und d | ||
| 082 |
_a530 _bGOM |
||
| 100 | _aK.L.Gumber | ||
| 245 | 0 | _aFundamentals Physics Class-XI | |
| 250 | _a9TH | ||
| 260 |
_aJALANDHAR _bPradeep _c2005 |
||
| 300 | _a10;106+XVI | ||
| 500 | _aQuantity Number: 2 | ||
| 650 | _aPhysics | ||
| 700 | _a Gogia | ||
| 942 | _cBK | ||
| 999 |
_c13990 _d13990 |
||